[Event "Glorney Cup"]
[Site "Cardiff"]
[Date "2017.07.24"]
[Round "2.8"]
[White "Berera, Siddharth"]
[Black "Miller, Dominic"]
[Result "1/2-1/2"]
[WhiteElo "1712"]
[BlackElo "2103"]
[PlyCount "104"]
[EventDate "2017.07.24"]
[EventType "team-tourn"]
[EventRounds "5"]
[EventCountry "WLS"]
[SourceTitle "CBM 179 Extra"]
[Source "ChessBase"]
[SourceDate "2017.08.23"]
[SourceVersion "1"]
[SourceVersionDate "2017.08.23"]
[SourceQuality "1"]
[WhiteTeam "Scotland"]
[BlackTeam "England"]
[WhiteTeamCountry "SCO"]
[BlackTeamCountry "ENG"]

1. e4 e6 2. d4 d5 3. Nc3 Bb4 4. e5 c5 5. a3 Bxc3+ 6. bxc3 Ne7 7. h4 Qa5 8. Bd2 Qa4 9. h5 Nbc6 10. h6 gxh6 11. Nf3 Bd7 12. Rb1 0-0-0 13. Qc1 Nf5 14. Qb2 Na5 15. Bd3 Rhg8 16. Bxf5 exf5 17. Rxh6 Bc6 18. Bg5 Rd7 19. g3 a6 20. Qb6 Qxc2 21. Rb2 Qe4+ 22. Kf1 Bb5+ 23. Rxb5 Qd3+ 24. Kg2 Qxb5 25. e6 fxe6 26. Qxe6 Rf8 27. Ne5 Nc4 28. Nxd7 Qxd7 29. Qxd7+ Kxd7 30. Rxh7+ Kc6 31. Be7 Re8 32. Bxc5 Re2 33. Rf7 Rc2 34. a4 Ne3+ 35. Kf3 Ng4 36. Rxf5 Nxf2 37. g4 Ne4 38. g5 Rxc3+ 39. Kf4 Rc1 40. Ke5 Rg1 41. Rf6+ Kd7 42. g6 Nxf6 43. Kxf6 Ke8 44. Kg7 Rg2 45. a5 Rg1 46. Bb6 Rg2 47. Bc5 Rg4 48. Kh7 Rg2 49. Bd6 Rg1 50. Bf4 Rg4 51. Bh6 Rg2 52. Kg7 Ke7 1/2-1/2

[Event "EU-ch U14 26th"]
[Site "Prague"]
[Date "2016.08.22"]
[Round "5"]
[White "Fossan, Aleksander"]
[Black "Berera, Siddharth"]
[Result "1-0"]
[WhiteElo "1834"]
[BlackElo "1676"]
[PlyCount "43"]
[EventDate "2016.08.18"]
[EventType "swiss"]
[EventRounds "9"]
[EventCountry "CZE"]
[SourceTitle "CBM 174 Extra"]
[Source "ChessBase"]
[SourceDate "2016.10.10"]
[SourceVersion "1"]
[SourceVersionDate "2016.10.10"]
[SourceQuality "1"]

1. e4 c5 2. c3 d5 3. exd5 Qxd5 4. d4 Nf6 5. Nf3 Bg4 6. Be2 e6 7. h3 Bh5 8. 0-0 Nc6 9. Be3 cxd4 10. cxd4 Bb4 11. Nc3 Qa5 12. Qb3 Qc7 13. d5 Bxc3 14. dxc6 Ba5 15. Rac1 Bb6 16. Bxb6 Qxb6 17. cxb7 Rb8 18. Rc8+ Ke7 19. Qa3+ Qd6 20. Rc7+ Nd7 21. Rd1 Qxa3 22. Rdxd7+ 1-0

[Event "Daventry Robinson Cup U14"]
[Site "Daventry"]
[Date "2016.07.18"]
[Round "2.3"]
[White "Berera, Siddharth"]
[Black "Byrne, Alex"]
[Result "0-1"]
[WhiteElo "1594"]
[BlackElo "1926"]
[PlyCount "96"]
[EventDate "2016.07.18"]
[EventType "team-schev"]
[EventRounds "5"]
[EventCountry "ENG"]
[SourceTitle "EXT 2020"]
[Source "ChessBase"]
[SourceDate "2019.10.17"]
[SourceVersion "1"]
[SourceVersionDate "2019.10.17"]
[SourceQuality "1"]
[WhiteTeam "Scotland"]
[BlackTeam "Ireland"]
[WhiteTeamCountry "SCO"]
[BlackTeamCountry "IRL"]

1. e4 e6 2. d4 d5 3. Nc3 Bb4 4. e5 c5 5. Bd2 cxd4 6. Nb5 Bc5 7. b4 Be7 8. Nxd4 Nc6 9. Nxc6 bxc6 10. b5 c5 11. a4 Qc7 12. f4 Nh6 13. Nf3 f6 14. Bd3 Nf7 15. exf6 Bxf6 16. Rb1 0-0 17. c4 Nd6 18. Qc2 g6 19. 0-0 Bb7 20. Ne5 Nf5 21. Bxf5 exf5 22. Nf3 d4 23. Qb3 Rfe8 24. b6 Qd6 25. bxa7 Be4 26. Qb6 Qxb6 27. Rxb6 Bd8 28. Rb5 Rxa7 29. a5 Be7 30. Ra1 Bd6 31. Rb6 Bc7 32. Rb5 Bxf3 33. gxf3 Re2 34. Be1 Bxf4 35. Bf2 d3 36. a6 d2 37. Rb7 Rxa6 38. Rd1 Rae6 39. Rbb1 Bxh2+ 40. Kxh2 Rxf2+ 41. Kg3 Rfe2 42. Ra1 h5 43. Ra5 g5 44. Rxc5 f4+ 45. Kh3 Rg6 46. Rd5 g4+ 47. fxg4 hxg4+ 48. Kh4 Rh6+ 0-1

[Event "Ayr op"]
[Site "Ayr"]
[Date "2016.05.28"]
[Round "2"]
[White "Berera, Siddharth"]
[Black "Malkin, Kenneth"]
[Result "0-1"]
[WhiteElo "1514"]
[BlackElo "1927"]
[PlyCount "87"]
[EventDate "2016.05.27"]
[EventType "swiss"]
[EventRounds "5"]
[EventCountry "SCO"]
[SourceTitle "CBM 172 Extra"]
[Source "ChessBase"]
[SourceDate "2016.06.21"]
[SourceVersion "1"]
[SourceVersionDate "2016.06.21"]
[SourceQuality "1"]

1. e4 e5 2. Nf3 Nc6 3. d4 exd4 4. Bc4 Bc5 5. c3 Nf6 6. cxd4 Bb4+ 7. Bd2 Bxd2+ 8. Nbxd2 d5 9. exd5 Nxd5 10. 0-0 0-0 11. Qb3 Na5 12. Qa3 Nxc4 13. Nxc4 Be6 14. Nce5 Qe7 15. Qxe7 Nxe7 16. Rac1 c6 17. a3 Rad8 18. Rfd1 Bd5 19. Rd3 f6 20. Ng4 Be4 21. Re3 Bxf3 22. gxf3 Nf5 23. Rd3 Nxd4 24. Kg2 Ne6 25. Re3 Kf7 26. Rb3 Rd7 27. Ne3 Rfd8 28. h3 Nf4+ 29. Kh2 Ne2 30. Rc4 Nd4 31. Rbc3 Nxf3+ 32. Kg3 Nd4 33. Kg2 Nb5 34. Rc2 Rd2 35. a4 Rxc2 36. Rxc2 Nc7 37. Kf3 Ne6 38. Kg2 g6 39. Kf1 Rd4 40. b3 Rb4 41. Rd2 Ke7 42. Rd3 Nc5 43. Rc3 Ne4 44. Rc4 0-1

[Event "Dundee & Angus op Major"]
[Site "Dundee"]
[Date "2014.10.12"]
[Round "4"]
[White "Pearson, Walter"]
[Black "Berera, Siddharth"]
[Result "1/2-1/2"]
[WhiteElo "1454"]
[BlackElo "1088"]
[PlyCount "72"]
[EventDate "2014.10.10"]
[EventType "swiss"]
[EventRounds "5"]
[EventCountry "SCO"]
[SourceTitle "EXT 2017"]
[Source "ChessBase"]
[SourceDate "2016.10.25"]
[SourceVersion "1"]
[SourceVersionDate "2016.10.25"]
[SourceQuality "1"]

1. e4 c5 2. Nf3 g6 3. d4 cxd4 4. Nxd4 Nc6 5. c4 Bg7 6. Be3 Nf6 7. Nc3 0-0 8. Be2 b6 9. 0-0 Bb7 10. f3 Rc8 11. Rc1 d6 12. Qd2 Qd7 13. h3 Nh5 14. Kh2 Be5+ 15. f4 Nxf4 16. Nxc6 Bxc3 17. Rxc3 Nxe2 18. Nxe7+ Qxe7 19. Qxe2 Qxe4 20. Rf4 Qe5 21. g3 d5 22. Qd2 dxc4 23. Rfxc4 Rxc4 24. Rxc4 Re8 25. Rc3 Qe4 26. g4 Qe5+ 27. Bf4 Qe2+ 28. Kg3 Qxd2 29. Bxd2 Re7 30. Rd3 Bc6 31. Bc3 f5 32. gxf5 gxf5 33. Kf4 Be4 34. Rd8+ Kf7 35. Kg5 Ke6 36. Rf8 Rd7 1/2-1/2

[Event "Dundee & Angus op Major"]
[Site "Dundee"]
[Date "2014.10.11"]
[Round "3"]
[White "Berera, Siddharth"]
[Black "Barron Majerik, Jan"]
[Result "1/2-1/2"]
[WhiteElo "1088"]
[BlackElo "1475"]
[PlyCount "53"]
[EventDate "2014.10.10"]
[EventType "swiss"]
[EventRounds "5"]
[EventCountry "SCO"]
[SourceTitle "EXT 2017"]
[Source "ChessBase"]
[SourceDate "2016.10.25"]
[SourceVersion "1"]
[SourceVersionDate "2016.10.25"]
[SourceQuality "1"]

1. d4 f5 2. Nf3 Nf6 3. Bf4 e6 4. e3 d5 5. Bd3 Nc6 6. 0-0 a6 7. a3 Bd6 8. h3 Bxf4 9. exf4 Ne4 10. c3 0-0 11. Nbd2 Bd7 12. Ne5 Nxe5 13. fxe5 g5 14. Re1 Be8 15. Nf1 g4 16. hxg4 Qh4 17. Bxe4 dxe4 18. Nh2 Kh8 19. g3 Qh3 20. gxf5 exf5 21. Qe2 Rg8 22. Qf1 Qh6 23. Qg2 Bf7 24. Re2 f4 25. Rxe4 Bd5 26. Rae1 fxg3 27. fxg3 1/2-1/2